000 00252nam a2200109Ia 4500
008 190216s9999||||xx |||||||||||||| ||und||
100 _aGangadara Menon
245 0 _aSecreterial Practice
260 _bVidyarthimithram
650 _aCommerce
942 _cBK
999 _c5269
_d5269